00233nam a2200097Ia 4500008004100000082001500041100001800056245002900074260001700103600001500120241002s9999 xx 000 0 und d a808.83 CHE aChekhou, A. P 0aShort novels and stories aMoscow:cN/A aLiterature